AOTY'S Top 500 Albums Of All Time - Statistics

General Stats
  • This quiz has been taken 46 times
    22 since last reset
  • The average score is 122 of 500
Answer Stats
Hint Answer % Correct
374 Adrianne Lenker songs
92%
2 Stevie Wonder Songs In The Key Of Life
92%
15 King Crimson In The Court Of The Crimson King
85%
29 Radiohead Kid A
85%
21 Lauryn Hill The Miseducation Of Lauryn Hill
85%
43 Michael Jackson Thriller
85%
1 Kendrick Lamar To Pimp A Butterfly
85%
11 Marvin Gaye What's Going On
85%
4 Pink Floyd Wish You Were Here
85%
12 The Beatles Abbey Road
77%
3 Kendrick Lamar good kid, m.A.A.d city
77%
9 Nas Illmatic
77%
6 Radiohead In Rainbows
77%
7 Radiohead OK Computer
77%
26 Prince And The Revolution Purple Rain
77%
19 Pink Floyd The Dark Side Of The Moon
77%
30 Pink Floyd Animals
69%
53 Miles Davis Bitches Brew
69%
10 Madvillain Madvillainy
69%
44 John Coltrane A Love Supreme
62%
73 Frank Ocean Blonde
62%
104 Joni Mitchell Blue
62%
25 The Jimi Hendrix Experience Electric Ladyland
62%
13 Jeff Buckley Grace
62%
33 Miles Davis Kind Of Blue
62%
60 Nirvana Nevermind
62%
24 Kanye West The College Dropout
62%
17 David Bowie The Rise And Fall Of Ziggy Stardust And The Spiders From Mars
62%
8 Björk Vespertine
62%
256 The Jimi Hendrix Experience Are You Experienced
54%
269 Amy Winehouse Back To Black
54%
439 Michael Jackson Bad
54%
458 Black Sabbath Black Sabbath
54%
28 Daft Punk Discovery
54%
80 J Dilla Donuts
54%
16 Wu-Tang Clan Enter The Wu-Tang (36 Chambers)
54%
395 Kanye West Graduation
54%
34 Tyler, The Creator IGOR
54%
76 Nirvana In Utero
54%
148 David Bowie Low
54%
83 Kanye West My Beautiful Dark Twisted Fantasy
54%
143 Rage Against The Machine Rage Against The Machine
54%
51 King Crimson Red
54%
84 The Beatles Revolver
54%
449 Radiohead The Bends
54%
282 The Velvet Underground The Velvet Underground
54%
32 System Of A Down Toxicity
54%
292 Steely Dan Aja
46%
68 George Harrison All Things Must Pass
46%
185 Radiohead A Moon Shaped Pool
46%
38 Black Country, New Road Ants From Up There
46%
48 OutKast Aquemini
46%
123 Common Be
46%
49 David Bowie Blackstar
46%
108 Bob Dylan Blonde On Blonde
46%
263 Frank Ocean Channel Orange
46%
438 Tame Impala Currents
46%
35 The Cure Disintegration
46%
54 Portishead Dummy
46%
55 Cocteau Twins Heaven Or Las Vegas
46%
69 Kate Bush Hounds Of Love
46%
42 Magdalena Bay Imaginal Disk
46%
305 KIDS SEE GHOSTS KIDS SEE GHOSTS
46%
63 Kanye West Late Registration
46%
186 The Clash London Calling
46%
110 my bloody valentine loveless
46%
78 Metallica Master Of Puppets
46%
62 Black Sabbath Paranoid
46%
251 The Beach Boys Pet Sounds
46%
201 Led Zeppelin Physical Graffiti
46%
310 Boris Pink
46%
115 The Notorious B.I.G. Ready To Die
46%
106 Metallica Ride The Lightning
46%
235 Fleetwood Mac Rumours
46%
306 Megadeth Rust In Peace
46%
153 Queens Of The Stone Age Songs For The Deaf
46%
90 Davis Bowie Station To Station
46%
58 Nine Inch Nails The Downward Spiral
46%
22 The Microphones The Glow Pt. 2
46%
37 A Tribe Called Quest The Low End Theory
46%
159 The Beatles The White Album
46%
52 Car Seat Headrest Twin Fantasy
46%
70 D'Angelo Voodoo
46%
203 Deftones White Pony
46%
50 Danny Brown Atrocity Exhibition
38%
45 Mos Def Black On Both Sides
38%
102 Bob Dylan Blood On The Tracks
38%
410 Simon And Garfunkel Bridge Over Troubled Water
38%
281 Curtis Mayfield Curtis
38%
18 Have A Nice Life Deathconciousness
38%
387 Gorillaz Demon Days
38%
223 Alice In Chains Dirt
38%
253 Bob Marley And The Wailers Exodus
38%
252 Bon Iver For Emma, Forever Ago
38%
330 John Coltrane Giant Steps
38%
77 Bob Dylan Highway 61 Revisited
38%
20 Björk Homogenic
38%
456 David Bowie Hunky Dory
38%
31 Sufjan Stevens Illinois
38%
67 Stevie Wonder Innervisions
38%
151 Neutral Milk Hotel In The Aeroplane Over The Sea
38%
216 The Strokes Is This It
38%
171 TOOL Lateralus
38%
111 Led Zeppelin Led Zeppelin IV
38%
433 Beyoncé Lemonade
38%
5 Godspeed You! Black Emperor Lift Your Skinny Fists Like Antennas To Heaven
38%
57 JPEGMAFIA LP!
38%
361 Black Sabbath Master Of Reality
38%
311 The Smashing Pumpkins Mellon Collie And The Infinite Sadness
38%
94 Massive Attack Mezzanine
38%
118 MF DOOM MM..FOOD
38%
290 Kendrick Lamar Mr. Morale And The Big Steppers
38%
169 Lana Del Rey Norman Fucking Rockwell!
38%
97 Michael Jackson Off The Wall
38%
220 Gorillaz Plastic Beach
38%
425 The Cure Pornography
38%
172 Björk Post
38%
279 Paul McCartney and Linda McCartney Ram
38%
264 Daft Punk Random Access Memories
38%
64 Talking Heads Remain In Light
38%
146 The Beatles Sgt. Pepper's Lonely Hearts Club Band
38%
166 The Smashing Pumpkins Siamese Dream
38%
167 OutKast Stankonia
38%
333 Soundgarden Superunknown
38%
336 Jay-Z The Black Album
38%
126 My Chemical Romance The Black Parade
38%
271 The Doors The Doors
38%
162 Death Grips The Money Store
38%
204 The Smiths The Queen Is Dead
38%
289 The Velvet Underground and Nico The Velvet Underground And Nico
38%
296 Joy Division Unknown Pleasures
38%
326 Joey Bada$$ 1999
31%
445 Prince 1999
31%
482 De La Soul 3 Feet High And Rising
31%
75 Mount Eerie A Crow Looked At Me
31%
193 Sigur Rós Ágætis byrjun
31%
200 OutKast ATLiens
31%
435 The Jimi Hendrix Experience Axis: Bold As Love
31%
293 Erykah Badu Baduizm
31%
278 John Coltrane Blue Train
31%
202 Death Grips Bottomless Pit
31%
187 D'Angelo Brown Sugar
31%
382 Nick Drake Bryter Layter
31%
85 Sufjan Stevens Carrie And Lowell
31%
313 Joy Division Closer
31%
496 Sonic Youth Daydream Nation
31%
197 Deltron 3030 Deltron 3030
31%
66 Elliott Smith Either/Or
31%
179 Elliott Smith Elliott Smith
31%
59 Godspeed You! Black Emperor F# A# Infinity
31%
273 Nick Drake Five Leaves Left
31%
136 Gojira From Mars To Sirius
31%
295 Arcade Fire Funeral
31%
238 David Bowie Heroes
31%
228 Death Human
31%
243 Clipse Let God Sort Em Out
31%
98 GZA Liquid Swords
31%
39 Fishmans LONG SEASON
31%
27 Sade Love Deluxe
31%
100 A Tribe Called Quest Midnight Marauders
31%
450 Charles Mingus Mingus Ah Um
31%
440 Judas Priest Painkiller
31%
46 Freddie Gibbs and Madlib Piñata
31%
107 Nick Drake Pink Moon
31%
239 Jay-Z Reasonable Doubt
31%
309 Travis Scott Rodeo
31%
276 JPEGMAFIA and Danny Brown SCARING THE HOES
31%
177 Aphex Twin Selected Ambient Works 85-92
31%
231 Prince Sign O' The Times
31%
103 The Avalanches Since I Left You
31%
234 Leonard Cohen Songs Of Leonard Cohen
31%
261 Talking Heads Speaking In Tongues
31%
156 Slint Spiderland
31%
393 Curtis Mayfield Superfly
31%
442 Mac Miller Swimming
31%
334 Stevie Wonder Talking Book
31%
14 Charles Mingus The Black Saint And The Sinner Lady
31%
218 Jay-Z The Blueprint
31%
56 JID The Forever Story
31%
40 Mobb Deep The Infamous
31%
411 Ween The Mollusk
31%
194 Death Grips The Powers That B
31%
82 Death The Sound Of Perseverance
31%
351 The Stone Roses The Stone Roses
31%
173 Billy Joel The Stranger
31%
262 My Chemical Romance Three Cheers For Sweet Revenge
31%
407 Fiona Apple Tidal
31%
105 Swans To Be Kind
31%
242 Interpol Turn On The Bright Lights
31%
149 Depeche Mode Violator
31%
23 Fiona Apple When The Pawn...
31%
230 Elliott Smith XO
31%
317 Wilco Yankee Hotel Foxtrot
31%
265 TOOL Ænima
23%
180 D'Angelo and The Vanguard Black Messiah
23%
99 Opeth Blackwater Park
23%
224 Beach House Bloom
23%
495 Bruce Springsteen Born To Run
23%
248 Bob Dylan Bringing It All Back Home
23%
390 Big Pun Capital Punishment
23%
423 Black Thought and Danger Mouse Cheat Codes
23%
344 Mac Miller Circles
23%
127 Yes Close To The Edge
23%
41 Milton Nascimentio and Lô Borges Clube da Esquina
23%
183 Electric Wizard Dopethrone
23%
443 Stereolab Dots And Loops
23%
131 DJ Shadow Endtroducing...
23%
86 Death Grips Exmilitary
23%
325 Mac Miller Faces
23%
277 Elliott Smith Figure 8
23%
129 Boris flood
23%
198 The Mars Volta Frances The Mute
23%
237 Stan Getz and João Gilberto Getz/Gilberto
23%
152 Opeth Ghost Reveries
23%
254 Giles Corey Giles Corey
23%
229 Herbie Hancock Head Hunters
23%
249 black midi Hellfire
23%
391 Clipse Hell Hath No Fury
23%
137 Isaac Hayes Hot Buttered Soul
23%
190 Frank Zappa Hot Rats
23%
89 Miles Davis In A Silent Way
23%
304 Public Enemy It Takes A Nation Of Millions To Hold Us Back
23%
164 Converge Jane Doe
23%
294 Alice Coltrane and Pharaoh Sanders Journey In Satchidananda
23%
428 Deftones Koi No Yokan
23%
245 Talk Talk Laughing Stock
23%
181 Marvin Gaye Let's Get It On
23%
388 Rosalía LUX
23%
353 Funkadelic Maggot Brain
23%
376 The Beatles Magical Mystery Tour
23%
128 Television Marquee Moon
23%
178 Lorde Melodrama
23%
357 Denzel Curry Melt My Eyez See Your Future
23%
303 Nina Simone Nina Simone Sings The Blues
23%
188 Raekwon Only Built 4 Cuban Linx...
23%
484 Neil Young On The Beach
23%
272 Nina Simone Pastel Blues
23%
403 Iron Maiden Powerslave
23%
417 Ethel Cain Preacher's Daughter
23%
196 Sade Promise
23%
328 Phoebe Bridgers Punisher
23%
394 Ween Quebec
23%
125 Madonna Ray Of Light
23%
489 Iron Maiden Seventh Son of a Seventh Son
23%
79 Earl Sweatshirt solace
23%
109 Little Simz Sometimes I Might Be Introvert
23%
163 LCD Soundsystem Sound Of Silver
23%
87 Swans Soundtracks For The Blind
23%
161 Slowdive Souvlaki
23%
427 Talk Talk Spirit Of Eden
23%
323 Deafheaven Sunbather
23%
47 Death Symbolic
23%
343 System Of A Down System Of A Down
23%
404 Can Tago Mago
23%
430 Carole King Tapestry
23%
160 Kate Bush The Dreaming
23%
65 Swans The Glowing Man
23%
175 Modest Mouse The Lonesome Crowded West
23%
130 Swans The Seer
23%
341 Kate Bush The Sensual World
23%
96 Janet Jackson The Velvet Rope
23%
141 The Roots Things Fall Apart
23%
324 Portishead Third
23%
158 LCD Soundsystem This Is Happening
23%
488 Burial Untrue
23%
373 Lil Ugly Mane VOLCANIC BIRD ENEMY AND THE VOICED CONCERN
23%
329 Björk Vulnicura
23%
88 A Tribe Called Quest We got it from Here...Thank You 4 Your service
23%
212 Nina Simone Wild Is The Wind
23%
72 Joanna Newsom Ys
23%
155 Ichiko Aoba 0
15%
332 Low Roar 0
15%
297 Big K.R.I.T. 4eva Is A Mighty Long Time
15%
352 Gravediggaz 6 Feet Deep
15%
91 Gustavo Cerati Bocanada
15%
219 Boris Boris At Last -Feedbacker-
15%
424 Masayoshi Takanaka BRASILIAN SKIES
15%
426 Buena Vista Social Club Buena Vista Social Club
15%
384 Injury Reserve By The Time I Get To Phoenix
15%
434 Mr. Bungle California
15%
444 Lingua Ignota CALIGULA
15%
61 Chico Buarque Construção
15%
474 Flying Lotus Cosmogramma
15%
314 Joni Mitchell Court And Spark
15%
225 Mastodon Crack The Skye
15%
142 Sade Diamond Life
15%
381 Joanna Newsom Divers
15%
322 Big Thief Dragon New Warm Mountain I Believe In You
15%
475 Talking Heads Fear Of Music
15%
362 Fiona Apple Fetch The Bolt Cutters
15%
300 Lupe Fiasco Food And Liquor
15%
101 Tatsuro Yamashita For You
15%
260 Boards Of Canada Geogaddi
15%
284 Sun Kil Moon Ghosts Of The Great Highway
15%
95 Joanna Newsom Have One On Me
15%
147 Joni Mitchell Hejira
15%
246 Fleet Foxes Helplessness Blues
15%
298 Quadeca I Didn't Mean To Haunt You
15%
494 The Roots Illadelph Halflife
15%
316 Alice In Chains Jar Of Flies
15%
308 Sufjan Stevens Javelin
15%
176 Death Grips Jenny Death
15%
74 Pharoah Sanders Karma
15%
406 The Pharcyde Labcabincalifornia
15%
182 Unwound Leaves Turn Inside You
15%
208 Charles Mingus Let My Children Hear Music
15%
364 Big L Lifestylez Ov Da Poor And Dangerous
15%
122 Queens Of The Stone Age ...Like Clockwork
15%
366 Willie Colón and Hector Lavoe Lo Mato
15%
302 FKA twigs MAGDALENE
15%
140 Erykah Badu Mama's Gun
15%
399 Boldy James and Sterling Toles Manger On McNichols
15%
408 2Pac Me Against The World
15%
71 Nujabes Metaphorical Music
15%
413 System Of A Down Mezmerize
15%
469 The Microphones Microphones In 2020
15%
124 Nujabes Modal Soul
15%
133 Gang Starr Moment Of Truth
15%
268 Black Star Mos Def And Talib Kweli Are Black Star
15%
145 The Microphones Mount Eerie
15%
275 Steve Reich and Musicians Music For 18 Musicians
15%
354 Boards Of Canada Music Has The Right To Children
15%
319 John Coltrane My Favorite Things
15%
457 King Gizzard And The Lizard Wizard Nonagon Infinity
15%
492 Cryptopsy None So Vile
15%
441 SOPHIE OIL OF EVERY PEARL'S UN-INSIDES
15%
479 Maruja Pain To Power
15%
321 Built To Spill Perfect From Now On
15%
199 Gil Scott-Heron Pieces Of A Man
15%
217 Dead Kennedys Plastic Surgery Disasters
15%
487 Tom Waits Rain Dogs
15%
358 Aphex Twin Selected Ambient Works Volume II
15%
320 Masayoshi Takanaka SEYCHELLES
15%
347 Lingua Ignota SINNER GET READY
15%
36 Godspeed You! Black Emperor Slow Riot For New Zero Kanada E.P.
15%
210 Carrisa's Wierd Songs About Leaving
15%
342 Leonard Cohen Songs Of Love And Hate
15%
299 De La Soul Stakes Is High
15%
288 Organized Konfusion Stress: The Extinction Agenda
15%
385 Ghostface Killah Supreme Clientele
15%
447 Denzel Curry TA13OO
15%
431 Sigur Rós Takk...
15%
478 Beach House Teen Dream
15%
221 Car Seat Headrest Teens Of Denial
15%
135 Natural Snow Buildings The Dance Of The Moon And The Sun
15%
327 Kamasi Washington The Epic
15%
207 Nine Inch Nails The Fragile
15%
206 Mach-Hommy The G.A.T...
15%
120 Songs: Ohia The Magnolia Electric Co.
15%
448 Agalloch The Mantle
15%
211 Little Brother The Minstrel Show
15%
459 The Strokes The New Abnormal
15%
195 Lift To Experience The Texas-Jerusalem Crossroads
15%
266 Gojira The Way Of All Flesh
15%
93 Natural Snow Buildings The Winter Ray
15%
116 Weyes Blood Titanic Rising
15%
429 Townes Van Zandt Townes Van Zandt
15%
184 The Roots Undun
15%
81 Lil Ugly Mane UNEVEN COMPROMISE
15%
372 Quadeca Vanisher, Horizon Scraper
15%
257 MF DOOM Vaudeville Villain
15%
134 Sweet Trip Velocity : Design : Comfort.
15%
396 Boredoms Vision Creation Newsun
15%
359 Acid Bath When The Kite String Pops
15%
331 La Dispute Wildlife
15%
389 Broken Social Scene You Forgot It In People
15%
318 Sweet Trip You Will Never Know Why
15%
114 Novos Baianos Acabou Chorare
8%
346 Godspeed You! Black Emperor 'Allelujah! Don't Bend! Ascend!
8%
470 Masayoshi Takanaka AN INSATIABLE HIGH
8%
240 CunninLynguists A Piece Of Strange
8%
422 Brian Eno with Daniel Lanois and Roger Eno Apollo: Atmospheres And Soundtracks
8%
464 Art Blakey And The Jazz Messengers Art Blakey and the Jazz Messengers [Moanin']
8%
227 Pescado Rabioso Artuad
8%
340 Agalloch Ashes Against The Grain
8%
112 Jorge Ben A Tábua de Esmeralda
8%
379 Converge Axe To Fall
8%
386 Blu and Exile Below The Heavens
8%
189 Isaac Hayes Black Moses
8%
491 Nine Inch Nails Broken
8%
356 Charly García Clics Modernos
8%
363 Mid-Air Thief Crumbling
8%
338 Labi Siffre Crying, Laughing, Loving, Lying
8%
392 Frou Frou Details
8%
117 Invisible El jardín de los presentes
8%
337 Julee Cruise Floating Into The Night
8%
119 Jorge Ben Fôrča bruta
8%
315 Gal Costa Gal Costa
8%
209 Car Seat Headrest How To Leave Town
8%
113 Gris Il était une forêt...
8%
455 Bright Eyes I'm Wide Awake, It's Morning
8%
409 Death Individual Thought Patterns
8%
500 t e l e p a t h Interstellar Intercourse
8%
412 Ciśnienie JazzArt Underground
8%
405 Jeff Wayne Jeff Wayne's Musical Version of The War of the Worlds
8%
481 Maruja Knocknarea
8%
301 McKinley Dixon Magic, Alive!
8%
454 Pete Rock and CL Smooth Mecca And The Soul Brother
8%
383 Car Seat Headrest Nervous Young Man
8%
432 Godspeed You! Black Emperor "NO TITLE AS OF 13 FEBRUARY 2024 28,340 DEAD"
8%
350 Sigur Rós Parentheses
8%
465 Floating Points, Pharoah Sanders and The London Symphony Orchestra Promises
8%
377 At The Drive-In Relationship Of Command
8%
380 Janet Jackson Rhythm Nation 1814
8%
360 Ryo Fukui Scenery
8%
222 Opeth Still Life
8%
498 Dissection Storm Of The Light's Bane
8%
400 Janelle Monáe The ArchAndroid
8%
244 Brand New The Devil And God Are Raging Inside Me
8%
157 Various Artists The Fire This Time
8%
460 Devon Hendryx THE GHOST~POP TAPE
8%
215 Fiona Apple The Idler Wheel Is Wiser Than The Driver Of The Screw And Whipping Cords Will Serve You More Than Ropes Will Ever Do
8%
258 The Mahavishnu Orchestra with John McLaughlin The Inner Mounting Flame
8%
461 Modest Mouse The Moon And Antartica
8%
250 Geordie Greep The New Sound
8%
132 Masayoshi Takanaka THE RAINBOW GOBLINS
8%
286 Refused The Shape Of Punk To Come
8%
205 Anri Timely!!
8%
451 PJ Harvey To Bring You My Love
8%
138 Willie Colón and Héctor Lavo Vigilante
8%
150 Willy Rodriguez wetdream
8%
174 Ichiko Aoba Windswept Adan
8%
480 Boris Akuma no uta
0%
370 Silvio Rodriguez "Al final de este viaje..."
0%
232 Belchior Alucinação
0%
436 João Gilberto Amoroso
0%
270 Ichiko Aoba amuletum bouquet
0%
349 Elza Soares A Mulher do Fim do Mundo
0%
497 honeydip Another Sunny Day
0%
462 Midori Aratamemashite, hajimemashite, Midori desu.
0%
375 Arthur Verocai Arthur Verocai
0%
414 Tori Amos Boys For Pele
0%
416 Cartola Cartola
0%
402 BK Castelos And Ruíns
0%
446 Candy Claws Ceres & Calypso in the Deep Time
0%
280 Héctor Lavoe Comedia
0%
371 Black Kray Crack Cloud$ Over Arts Kitchen
0%
241 Chico Science and Nação Zumbi Da Lama Ao Caos
0%
355 Weakling Dead As Dreams
0%
170 Natalia Lafourcade De Todas las Flores
0%
419 Soda Stereo Dynamo
0%
485 Necrophagist Epitaph
0%
486 Ells Regin Falso Brilhante
0%
472 ASIAN KUNG-FU GENERATION Fanclub
0%
466 Lamp For Lovers
0%
493 dälek From Filthy Tongues of Gods and Griots
0%
233 Tori Amos From the Choirgirl Hotel
0%
367 Serú Girán Grasa de Las Capitales
0%
368 Omnipotent Study Society Inside The Cable Temple
0%
471 Ling tosite sigure Inspiration is DEAD
0%
285 Robin Callaway i saw an angel in the mirror
0%
437 Joanna Newsom Joanna Newsom and the Ys Street Band
0%
345 Ling tosite sigure just A moment
0%
274 Ringo Sheena Kalk Samen Chestnut Flower
0%
121 Myslovitz Korova Milky Bar
0%
192 Extremundo La ley innata
0%
468 La Máquina de Hacer Pájaros La Máquina de Hacer Pájaros
0%
259 Los Jaivas Los Jaivas (El Indio)
0%
490 MALICE MIZER Merveilles
0%
287 Milton Nascimento Milagre dos Peixes
0%
369 Myslovitz Miłość w czasach popkultury
0%
307 Milton Nascimento Minas
0%
165 Canserbero Muerte
0%
247 Sufjan Stevens Mystery Of Love
0%
191 Racionais MC's Nada Como um Dia Após o Outro Dia
0%
467 Omnipotent Youth Society Omnipotent Youth Society
0%
312 La Máquina de Hacer Pájaros Películas
0%
452 Justice Planisphere
0%
398 Ne Obliviscaris Portal Of I
0%
236 Emicida Pra Quem Já Mordeu um Cachorro por Comida, Até Que Eu Cheguei Longe
0%
267 Sabotage Rap É Comprimisso
0%
335 death's dynamic shroud.wmv Regret When It Was Lost
0%
401 Unwound Repitition
0%
415 Tatsu Yamashita RIDE ON TIME
0%
476 Renaissance Scheherazade and Other Stories
0%
154 Natural Snow Buildings Shadow Kingdom
0%
255 Shibusashirazu Shibuboshi
0%
339 Willie Colón and Rubén Blades Siembra
0%
483 Susumu Hirasawa Siren
0%
473 Sun Ra And His Arkestra Sleeping Beauty
0%
92 Racionais MC's Sobrevivendo no Inferno
0%
214 David Kauffman / Eric Caboor Songs From Suicide Bridge
0%
365 Imogen Heap Speak For Yourself
0%
226 Susumu Hirasawa Technique Of Relief
0%
420 Cacola The Angel, The Demon,
0%
477 My Chemical Romance The Black Parade: The B-Sides
0%
421 Joni Mitchell The Hissing Of Summer Lawns
0%
499 Caetano Veloso Transa
0%
378 Various Artists Tropicália ou Panis et Circencis
0%
213 Black Kray Twerkn 10 Cellph0ne$
0%
139 Fishmans Uchu Nippon Setagaya
0%
168 wowaka Unhappy Refrain
0%
348 Kinoko Teikoku Uzu ni naru
0%
283 SpaceGhostPurrp VENENO
0%
291 Canserbero Vida
0%
453 Charles Hamilton Well Isn't This Awkward...
0%
463 Jessie Ware What's Your Pleasure?
0%
144 Ringo Sheena Winning Strip
0%
418 MASS OF THE FERMENTING DREGS World Is Yours
0%
397 Godspeed You! Black Emperor Yanqui U.X.O.
0%
No matching quizzes found
Score Distribution
Percent of People with Each Score
Percentile by Number Answered
Your Score History
You have not taken this quiz since the last reset